QUEST Central Library Banner

Automobile mechanics / (Record no. 8605)

MARC details
000 -LEADER
fixed length control field 00489nam a2200157 a 4500
100 1# - MAIN ENTRY--AUTHOR NAME
Personal name Giri, N. K.
245 10 - TITLE STATEMENT
Title Automobile mechanics /
260 ## - PUBLICATION, DISTRIBUTION, ETC. (IMPRINT)
Place of publication [S.l.] :
Name of publisher Khanna Publishers,
Year of publication 1996.
300 ## - PHYSICAL DESCRIPTION
Number of Pages 1 v. (unpaged)
490 1# - SERIES STATEMENT
Series statement In M. K. S. units.
856 40 - ELECTRONIC LOCATION AND ACCESS
Uniform Resource Identifier http://www.amazon.com/exec/obidos/ASIN/B000INMQ7O/chopaconline-20
Holdings
Withdrawn status Lost status Home library Current library Date acquired Cost, normal purchase price Full call number Accession Number Koha item type Collection code
    Central Library, QUEST, Nawabshah Central Library, QUEST, Nawabshah 11/08/2014 143.45 629.254GIR 21403 Books  
    Central Library, QUEST, Nawabshah Central Library, QUEST, Nawabshah 11/08/2014 143.45 629.254GIR 21405 Books  
    Central Library, QUEST, Nawabshah Central Library, QUEST, Nawabshah 11/08/2014 143.45 629.254GIR 21406 Books  
    Reference Section Reference Section 11/08/2014 143.45 629.254GIR (Shelf - 78E) 21407 Books Reference
    Reference Section Reference Section 19/08/2014 163.40 629.254GIR (Shelf - 78F) 19782 Books Reference
    Seminar Library, Mechanical Engg. Seminar Library, Mechanical Engg. 11/08/2014 143.45 629.254GIR 21404 Books  
    Central Library, QUEST, Nawabshah Stacks area 19/08/2014 163.40 629.254GIR 19783 Books  

Copyright © 2018,The QUEST, Nawabshah, Shaheed Benazirabad. All rights reserved
Mr. G. Farooq Channar (Librarian) QUEST, Nawabshah, Sindh, Pakistan 67480.
 Ph#: |   0244-9370381-4 Ext. 2308   Email| lib@quest.edu.pk   Web|  http://www.quest.edu.pk